000 00705nam a2200241Ia 4500
003 OSt
005 20220923224047.0
006 a|||||r|||| 00| 0
007 ta
008 220922b |||||||| |||| 00| 0 hin d
024 _a224,556
037 _cTextual
040 _aARTS
_cARTS
_bhin
041 _2hin
_ahin
082 _aO152,3M80:g, N3
245 0 _aप्रेमचंद स्मृति
246 _aPremachanda smṛuti
260 _aइलाहाबाद
_b हंस प्रकाशन
_c1953
300 _a299पृ.
_ccm.
650 _aहिन्दी साहित्य
_9156264
942 _hO152,3M80:g, N3
_cTEXL
_2CC
999 _c368945
_d368945